| 000 | 00413nam a22001457a 4500 | ||
|---|---|---|---|
| 999 |
_c60752 _d60752 |
||
| 005 | 20231018173125.0 | ||
| 008 | 231018s1962 ru ||||| |||| 00| 0 rus d | ||
| 041 | _arus | ||
| 080 | _a902(08) И-89 | ||
| 245 | _aИсторико-археологический сборник. | ||
| 264 |
_aМ.: _bМГУ. _c1962. |
||
| 300 |
_a368 с.; _b26 см. |
||
| 653 | _aარქეოლოგია | ||
| 942 |
_2udc _cBK |
||